000 00286nam a2200133Ia 4500
100 _aGear/ C.W.
942 _cBK
654 _aComputer
245 _aComputer organization & programming
260 _bMcGraw Hill
_aSingapore
_c1985
300 _a413
546 _aENGLISH
999 _c24558
_d24558